| 000 | 005100000a22001810004500 | ||
|---|---|---|---|
| 003 | MACL | ||
| 005 | 20160611125729.0 | ||
| 008 | 160611b xxu||||| |||| 00| 0 eng d | ||
| 040 |
_aMACL _cMACL |
||
| 041 | _aHindi | ||
| 082 | _a920 | ||
| 100 |
_aसिंह, कर्ण _964218 |
||
| 245 |
_aआत्मकथा _cकर्ण सिंह |
||
| 260 |
_bराजकमल प्रकाशन _c2000 _aपटना |
||
| 350 | _a325 | ||
| 650 |
_aAutobiography _964220 |
||
| 942 |
_cHIN _k920 _2ddc |
||
| 999 |
_c30316 _d30316 |
||